Music Quiz

Random Music or Lyrics Quiz

'Lean on Me' Lyrics Quiz Stats

Quiz Updated Apr 3, 2018

Also try: 'Help!' Lyrics
Challenge
Share
Tweet
Embed
Score 0/240 Timer 08:00
30 Plays Today
% Correct
on
99.4%
on
99.4%
on
99.4%
on
99.4%
on.
99.4%
on.
99.4%
on
99.4%
on
99.4%
on
99.4%
on
99.4%
on
99.4%
Lean
99.3%
lean
99.3%
lean
99.3%
lean
99.3%
Lean
99.3%
lean
99.3%
lean
99.3%
lean
99.3%
me
99%
(repeat 3x)
99%
me
99%
me.
99%
me
99%
me
99%
me
99%
me
99%
me
99%
me
99%
and
98.8%
a
98.8%
a
98.8%
a
98.8%
the
98.8%
a
98.8%
a
98.8%
and
98.8%
a
98.8%
a
98.8%
a
98.8%
a
98.8%
you
98.3%
You
98.3%
you
98.3%
you
98.3%
you
98.3%
you
98.3%
you
98.3%
you
98.3%
you
98.3%
you
98.3%
you
98.3%
You
98.3%
you
98.3%
you
98.3%
you
98.3%
I
98.1%
I
98.1%
I
98.1%
when
97.2%
when
97.2%
when
97.2%
when
97.2%
your
95.3%
your
95.3%
your
95.3%
your
95.3%
your
95.3%
to
93.5%
to
93.5%
to
93.5%
to
93.5%
to
93.5%
to
93.5%
to
93.5%
to
93.5%
be
93.4%
be
93.4%
be
93.4%
be
93.4%
% Correct
no
93%
need
92%
need
92%
need
92%
need
92%
need
92%
need
92%
need
92%
need
92%
need
92%
need
92%
need
92%
need
92%
need
92%
friend
91.5%
friend
91.5%
friend
91.5%
friend
91.5%
friend
91.5%
friend
91.5%
not
91.2%
not
91.2%
I'll
90.7%
I'll
90.7%
I'll
90.7%
I'll
90.7%
I'll
90.7%
you're
89.9%
you're
89.9%
strong
89.3%
strong
89.3%
we
88.9%
we
88.9%
we
88.9%
we
88.9%
We
88.9%
We
88.9%
we
88.9%
We
88.9%
somebody
88.5%
somebody
88.5%
somebody
88.5%
somebody
88.5%
somebody
88.5%
somebody
88.5%
carry
88.1%
carry
88.1%
carry
88.1%
help
87.5%
help
87.5%
all
86.6%
all
86.6%
all
86.6%
all
86.6%
all
86.6%
all
86.6%
(repeat 3x)
79.8%
call
79.8%
call
79.8%
Call
79.8%
Call
79.8%
call
79.8%
Call
79.8%
(call me)
79.8%
(call me)
79.8%
(call me)
79.8%
(call me)
79.8%
(call me)
79.8%
Call
79.8%
(call me)
79.8%
have
78.6%
have
78.6%
have
78.6%
have
78.6%
have
78.6%
have
78.6%
if
77%
If
77%
if
77%
if
77%
% Correct
if
77%
If
77%
if
77%
If
77%
it
75.7%
it
75.7%
just
75.5%
just
75.5%
just
75.5%
just
75.5%
just
75.5%
hand
74.5%
hand
74.5%
that
73%
that
73%
that
73%
that
73%
that
73%
in
72.2%
brother
72.1%
brother
72.1%
won't
70.6%
won't
70.6%
won't
70.6%
For
68.6%
For
68.6%
For
68.6%
long
68.5%
long
68.5%
there
66.7%
I'm
66.3%
I'm
66.3%
I'm
66.3%
are
65.6%
gonna
65.5%
gonna
65.5%
can
65.3%
till
63.6%
till
63.6%
problem
62.7%
problem
62.7%
might
61.9%
might
61.9%
our
61.4%
understand
60.2%
understand
60.2%
you'll
59.9%
you'll
59.9%
Sometimes
59.2%
lives
58.8%
But
58.6%
know
57.4%
sorrow
57.2%
is
56.1%
pain
52.5%
one
52.1%
always
50.3%
tomorrow
49.4%
there's
48.9%
can't
44.3%
wise
43.5%
load
34.4%
load
34.4%
of
33.3%
pride
32.9%
ever
32.9%
up
32.6%
swallow
32.4%
borrow
30.3%
bear
29.4%
Please
29.2%
let
28.8%
right
28.7%
road
28%
things
25.3%
share
23.8%
needs
23.6%
show
21.8%
those
19.9%
fill
15.4%

You're not logged in!

Compare scores with friends on all Sporcle quizzes.
Sign Up with Email
OR
Log In

You Might Also Like...

Show Comments

Extras

Top Quizzes Today


Score Distribution

Your Account Isn't Verified!

In order to create a playlist on Sporcle, you need to verify the email address you used during registration. Go to your Sporcle Settings to finish the process.

Report this User

Report this user for behavior that violates our Community Guidelines.

Details: